[Event "DEN-ch G7-1"]
[Site "Skorping"]
[Date "2017.04.11"]
[Round "1"]
[White "Oe, Oluf"]
[Black "Kristensen, Peter"]
[Result "0-1"]
[WhiteElo "1927"]
[BlackElo "2018"]
[PlyCount "90"]
[EventDate "2017.04.11"]
[EventType "swiss"]
[EventRounds "7"]
[EventCountry "DEN"]
[SourceTitle "EXT 2018"]
[Source "ChessBase"]
[SourceDate "2017.10.13"]
[SourceVersion "1"]
[SourceVersionDate "2017.10.13"]
[SourceQuality "1"]

1. e4 e5 2. Nf3 Nc6 3. Bb5 a6 4. Ba4 Nf6 5. 0-0 Be7 6. Re1 b5 7. Bb3 0-0 8. c3 d5 9. exd5 Nxd5 10. Nxe5 Nxe5 11. Rxe5 c6 12. d4 Bd6 13. Re1 Qh4 14. g3 Qh3 15. Bxd5 cxd5 16. Qf3 Be6 17. Be3 Rad8 18. Nd2 Bg4 19. Qg2 Qh5 20. f3 Bh3 21. Qf2 Qg6 22. Nf1 b4 23. Bd2 bxc3 24. Bxc3 h5 25. Ne3 h4 26. f4 hxg3 27. hxg3 Bb8 28. Ng2 Rfe8 29. Re3 Re4 30. Rxe4 dxe4 31. Re1 Ba7 32. Nh4 Qc6 33. Kh2 Be6 34. a3 Qd5 35. Rd1 Qh5 36. Rd2 Bd5 37. Qe2 Qh6 38. Qe3 Rd6 39. Kg1 Qf6 40. Ng2 Qe6 41. Qf2 Qh3 42. Nh4 e3 43. Qxe3 Re6 44. Qd3 Qh1+ 45. Kf2 Qe1# 0-1

[Event "DEN-ch G7-1"]
[Site "Svendborg"]
[Date "2016.03.28"]
[Round "7"]
[White "Petersen, Steen Brustrup"]
[Black "Kristensen, Peter"]
[Result "1/2-1/2"]
[WhiteElo "2111"]
[BlackElo "1956"]
[PlyCount "27"]
[EventDate "2016.03.22"]
[EventType "swiss"]
[EventRounds "7"]
[EventCountry "DEN"]
[SourceTitle "EXT 2023"]
[Source "ChessBase"]
[SourceDate "2022.10.05"]
[SourceVersion "1"]
[SourceVersionDate "2022.10.05"]
[SourceQuality "1"]

1. c4 c5 2. g3 g6 3. Bg2 Bg7 4. Nf3 Nc6 5. Nc3 d6 6. 0-0 e5 7. Rb1 Nge7 8. a3 a5 9. d3 0-0 10. Ne1 Be6 11. Nd5 Rb8 12. Bg5 f6 13. Bd2 b5 14. b3 1/2-1/2

[Event "DEN-ch G7-1"]
[Site "Svendborg"]
[Date "2016.03.24"]
[Round "3"]
[White "Nielsen, Poul Erik1"]
[Black "Kristensen, Peter"]
[Result "1/2-1/2"]
[WhiteElo "2032"]
[BlackElo "1956"]
[PlyCount "55"]
[EventDate "2016.03.22"]
[EventType "swiss"]
[EventRounds "7"]
[EventCountry "DEN"]
[SourceTitle "EXT 2018"]
[Source "ChessBase"]
[SourceDate "2017.10.13"]
[SourceVersion "1"]
[SourceVersionDate "2017.10.13"]
[SourceQuality "1"]

1. e4 e5 2. Nf3 Nc6 3. Bc4 Bc5 4. 0-0 Nf6 5. Nc3 0-0 6. d3 h6 7. Nd5 d6 8. h3 a6 9. a3 Ba7 10. Bd2 Nxd5 11. Bxd5 Qf6 12. Nh2 Ne7 13. Ba2 Ng6 14. Ng4 Qh4 15. Qf3 Be6 16. Be3 Bxa2 17. Bxa7 h5 18. Nh2 Rxa7 19. Rxa2 Qg5 20. Qg3 Qd2 21. Qe3 Qxe3 22. fxe3 Ne7 23. c3 Raa8 24. b4 f5 25. exf5 Rxf5 26. e4 Rxf1+ 27. Kxf1 Rf8+ 28. Rf2 1/2-1/2

[Event "DEN-ch G7-1"]
[Site "Svendborg"]
[Date "2016.03.22"]
[Round "1"]
[White "Christensen, Esben"]
[Black "Kristensen, Peter"]
[Result "1/2-1/2"]
[WhiteElo "2084"]
[BlackElo "1956"]
[PlyCount "128"]
[EventDate "2016.03.22"]
[EventType "swiss"]
[EventRounds "7"]
[EventCountry "DEN"]
[SourceTitle "EXT 2023"]
[Source "ChessBase"]
[SourceDate "2022.10.05"]
[SourceVersion "1"]
[SourceVersionDate "2022.10.05"]
[SourceQuality "1"]

1. e4 e5 2. Nf3 Nc6 3. Bc4 Bc5 4. c3 Nf6 5. d3 a6 6. Bb3 d6 7. 0-0 Ba7 8. Re1 h6 9. Nbd2 0-0 10. Nf1 Re8 11. Be3 Bxe3 12. Nxe3 Be6 13. Bxe6 Rxe6 14. h3 Re8 15. Qc2 Qd7 16. Rad1 Qe6 17. b4 d5 18. a3 dxe4 19. dxe4 Rad8 20. Nd5 Nxd5 21. exd5 Rxd5 22. a4 Red8 23. Rxd5 Qxd5 24. c4 Qd6 25. b5 Nd4 26. Qe4 Nxf3+ 27. Qxf3 axb5 28. cxb5 c6 29. bxc6 bxc6 30. Qc3 f6 31. Rc1 Ra8 32. Qc4+ Qd5 33. Qxc6 Qxc6 34. Rxc6 Rxa4 35. g3 Ra7 36. h4 Kf7 37. Rc3 f5 38. Kf1 Rd7 39. Ke2 Ke6 40. Ra3 g5 41. hxg5 hxg5 42. Rb3 g4 43. Ke3 Ra7 44. Rb6+ Kd5 45. Rb5+ Kd6 46. Rb6+ Kc5 47. Rf6 Ra3+ 48. Ke2 Rf3 49. Ra6 e4 50. Re6 Kd5 51. Re8 Kd6 52. Rd8+ Ke7 53. Rd5 Ke6 54. Rd8 Kf7 55. Rd7+ Kf6 56. Rd6+ Kg5 57. Re6 f4 58. Re5+ Kf6 59. gxf4 Rxf4 60. Re8 Kf7 61. Re5 Kg6 62. Ke3 Rf3+ 63. Ke2 g3 64. fxg3 Rxg3 1/2-1/2